Statistics for Biggest Cities in the Netherlands

Click here to take the quiz!

General Stats

  • This quiz has been taken 75 times
  • The average score is 6 of 10

Answer Stats

PopulationCity% Correct
1,335,115Amsterdam
100%
1,015,215Rotterdam
99%
657,894The Hague
91%
337,487Eindhoven
74%
489,734Utrecht
74%
216,655Groningen
62%
168,840Nijmegen
35%
233,339Tillburg
34%
180,420Breda
31%
196,290Almere
25%

Score Distribution

Percentile by Number Answered

Percent of People with Each Score

Your Score History

You have not taken this quiz